[Event "XIX Sant Marti Open 2017"]
[Site "Barcelona"]
[Date "2017.07.18"]
[Round "6"]
[White "Dhulipalla Bala Chandra Prasa"]
[Black "Himanshu, Sharma"]
[Result "0-1"]
[WhiteElo "2335"]
[BlackElo "2498"]
[Annotator "TA"]
[PlyCount "56"]
[EventDate "2017.??.??"]
[EventType "swiss"]
[EventCountry "ESP"]
[SourceTitle "playchess.com"]
[Source "ChessBase"]
[SourceQuality "1"]

{[%evp 9,56,0,6,9,14,2,0,-23,0,-89,-86,-95,-82,-110,-102,-98,-91,-122,-118,-116,-125,-125,-102,-114,-110,-138,-129,-193,-193,-272,-196,-444,-381,-584,-575,-758,-765,-759,-489,-893,-853,-923,-925,-1100,-843,-2443,-1204,-2181,-1998]} 1. d4 Nf6 2. Bf4 c5 3. dxc5 Na6 4. Nc3 (4. Qd4 Qa5+ 5. Nc3 Nxc5 6. Bd2 Ne6 7. Qh4 g5 8. Qg3 d5 9. e4 d4 10. Bb5+ Bd7 11. Bxd7+ Nxd7 {½-½ (60) Rapport,R (2691)-Giri,A (2734) Wijk aan Zee 2014}) 4... Nxc5 5. f3 Ne6 6. Bg3 {A45: Trompowsky Attack} g6 $146 ({Predecessor:} 6... Qb6 7. Rb1 d6 8. e4 Bd7 9. Bf2 Qa5 10. Qd2 g6 11. Bd3 {½-½ (29) Polastri,A (1388)-Szabo,A (1157) LSS email 2009}) 7. Qd2 h5 8. Bf2 {The position is equal.} (8. O-O-O {feels hotter.} Bh6 9. e3 Qb6 10. Bf2 O-O 11. Bc4) 8... Bh6 9. Be3 (9. e3 $11 {remains equal.}) 9... Bxe3 $17 10. Qxe3 d5 {[%cal Bd7d5,Bd5d4][%mdl 32] And now ...d4 would win.} 11. Qd2 d4 12. Nd1 Qb6 13. e4 dxe3 $1 14. Qxe3 Nd4 15. Bd3 {[#]} Bf5 $1 16. c3 Bxd3 17. Qxd3 {[#]} Nf5 $1 $36 {[%mdl 2048] Black is really pushing.} 18. Nh3 (18. a4 $17 {is a better defense.}) 18... Rd8 $19 19. Qc2 (19. Qe2 $142) 19... Rd5 20. Qa4+ $2 (20. Qe2) 20... Kf8 {Hoping for ...Qe6+.} 21. Qf4 (21. Qb3 $142 Re5+ 22. Kd2 Qd6+ 23. Kc1) 21... Qe6+ {Black is clearly winning.} 22. Kf1 Kg7 23. Nhf2 Qa6+ 24. Kg1 (24. c4 $142 Rd4 25. Qe5) 24... Qe2 {[%cal Re2e1]} 25. h4 e5 26. Qa4 Ng3 {Strongly threatening ...Qe1+.} 27. Rh3 Qe1+ 28. Kh2 Ne2 {Precision: White = 29%, Black = 86%.} 0-1

[Event "XIX Sant Marti Open 2017"]
[Site "Barcelona"]
[Date "2017.07.19"]
[Round "7"]
[White "Peralta, Fernando"]
[Black "Quirhuayo Chumbe, German Gonzalo"]
[Result "1/2-1/2"]
[WhiteElo "2564"]
[BlackElo "2376"]
[Annotator "TA"]
[PlyCount "87"]
[EventDate "2017.??.??"]
[EventType "swiss"]
[EventCountry "ESP"]
[SourceTitle "playchess.com"]
[Source "ChessBase"]
[SourceQuality "1"]

{[%evp 22,87,80,79,83,90,91,91,88,99,90,98,86,80,85,27,21,24,50,35,54,56,56,33,66,33,71,61,83,61,137,137,136,133,145,145,145,145,156,145,152,147,369,366,351,352,355,308,381,327,792,745,467,483,919,450,466,473,447,458,411,0,146,0,273,0,66,0]} 1. d4 Nf6 2. c4 g6 3. Nc3 Bg7 4. e4 O-O 5. Be3 d6 6. Be2 e5 7. d5 a5 8. g4 Na6 {E73: King's Indian: Averbakh Variation without 6...c5} 9. g5 Ne8 10. h4 f5 (10... Nc5 11. h5 Bd7 12. Nf3 c6 13. Nd2 a4 14. b4 axb3 15. axb3 Rxa1 16. Qxa1 {1-0 (41) Sokolov,I (2623)-Van Foreest,J (2615) Hoogeveen 2016}) 11. gxf6 Nxf6 12. h5 {LiveBook: 4 Games} Nc5 13. Bxc5 dxc5 14. hxg6 hxg6 15. Qd3 $146 Ra6 16. Qg3 Qe8 17. O-O-O Nh5 18. Bxh5 (18. Qh2 $16) 18... gxh5 $11 19. f3 Rg6 20. Qf2 b6 $1 21. Kb1 Qf7 22. Rf1 Bg4 23. Qh2 Rf6 24. a3 Rh6 25. Nh3 Rf6 {[#]} (25... Qe7 $1 $14) 26. Rfg1 $1 $36 {[%mdl 2048] White is on the roll.} Rxf3 27. Ng5 Qf4 28. Nxf3 Bxf3 29. Ka2 Rf7 30. Qh3 {Threatens to win with Qc8+.} Bxh1 31. Rxh1 Rf6 $2 (31... h4 $16 32. Qe6 (32. Qxh4 Qxh4 33. Rxh4 Bf8 $14) 32... Qf6) 32. Qc8+ $18 Bf8 33. Qxc7 (33. Rxh5 Qf1 $16) 33... h4 34. Qd7 Rh6 35. Qc8 Qf3 $2 (35... Kh7 36. Qc7+ Kh8) 36. Rg1+ Kh8 37. Rg5 {Rf5 is the strong threat.} Rf6 (37... Qf7 $142 38. Rf5 Rf6) 38. d6 (38. Rf5 $142 Rxf5 39. exf5) 38... Qd3 39. Rh5+ Kg8 {[#]} 40. Qg4+ $1 Bg7 41. Qc8+ $2 (41. d7 $18 {has better winning chances.}) 41... Bf8 $16 42. Qg4+ (42. Rxh4 $16 Qxc4+ 43. Kb1 Rf1+ 44. Kc2 Rf2+ 45. Kc1 Rf1+ 46. Kd2 Rf2+ 47. Kc1 Rf1+ 48. Kd2 Rf2+ 49. Kc1) 42... Bg7 $18 43. Qc8+ $2 ({Inferior is} 43. Rxh4 Qxc4+ 44. Ka1 Qf1+ 45. Ka2 Qc4+ 46. Kb1 Qf1+ 47. Ka2 Qc4+ $11) (43. d7 $18) 43... Bf8 $14 44. Qg4+ {Precision: White = 76%, Black = 39%.} ({Better is} 44. Rf5 $14 Rxf5 45. exf5 (45. Qxf5 Bxd6 46. Qe6+ Kf8 $11) 45... Qxd6 46. Qe8) 1/2-1/2

[Event "XIX Sant Marti Open 2017"]
[Site "Barcelona"]
[Date "2017.07.19"]
[Round "7"]
[White "Narciso Dublan, Marc"]
[Black "Fenil, Shah"]
[Result "1-0"]
[WhiteElo "2516"]
[BlackElo "2267"]
[Annotator "TA"]
[PlyCount "67"]
[EventDate "2017.??.??"]
[EventType "swiss"]
[EventCountry "ESP"]
[SourceTitle "playchess.com"]
[Source "ChessBase"]
[SourceQuality "1"]

{[%evp 16,67,55,43,65,54,87,81,101,100,118,67,70,66,72,54,101,97,136,126,152,152,139,143,160,153,329,329,443,426,599,609,612,322,319,320,325,308,421,373,372,365,436,444,454,447,411,370,306,351,544,521,589,604]} 1. e4 c5 2. Nf3 e6 3. d4 cxd4 4. Nxd4 Nc6 5. Nc3 Bb4 6. Nxc6 dxc6 7. Qxd8+ Kxd8 8. Bf4 Nf6 9. O-O-O+ {LiveBook: 9 Games. B45: Sicilian Four Knights} Ke8 (9... Ke7 10. Be5 Ng4 11. Bg3 f6 12. h3 Ne5 13. f4 Nf7 14. e5 Bxc3 15. bxc3 Bd7 16. Bh4 Rad8 {½-½ (39) Lastin,A (2625)-Hasangatin,R (2517) Krasnodar 2002}) 10. f3 (10. Bc7 $5 {[%cal Rd1d8]} Be7 11. f3 $16) 10... Bd7 $146 ({Find the theoretical novelty and annotate with similar games:} 10... Nd7 11. e5 Bxc3 12. bxc3 a5 13. Bg3 a4 14. f4 h6 15. Be2 a3 16. Rd4 Ke7 {0-1 (34) Fernandez Ballon,A (2334)-Tauscher,K (2422) Remote email 2014}) 11. Be2 {White is better.} Nh5 12. Be3 e5 13. g3 ({Better is} 13. Bc4 $16) 13... Nf6 14. Nb1 Be6 15. Nd2 b5 16. Nb3 Nd7 {[#]} 17. a3 $1 {[%cal Ra3b4]} Bxb3 18. axb4 ({Don't play} 18. cxb3 $6 Bc5 $16) 18... Be6 19. Rd6 Rc8 20. Rhd1 ({Worse is} 20. Bxa7 Ra8 $15) 20... Nb6 $2 (20... Ke7 $16 21. b3 g6) 21. f4 $18 exf4 22. gxf4 g6 {[#]} (22... h5 $142 23. f5 Bc4) 23. f5 $1 {[%mdl 512]} gxf5 24. Bg5 {White wants to mate with Rd8+.} Bd7 25. exf5 Rg8 26. h4 {[%cal Bh2h4,Bh4g5][%mdl 32]} Nd5 27. Bh5 {Re1+ is the strong threat.} Rxg5 28. hxg5 Ke7 29. Rxd7+ Kxd7 30. Bxf7 {Strongly threatening Be6+.} Kd6 31. g6 hxg6 32. fxg6 {[%cal Bf5g6,Bg6g7][%mdl 32]} Ke5 (32... Ke7 {is a better defense.} 33. Bxd5 cxd5 34. Rxd5 a6) 33. g7 Nf6 34. Re1+ {Precision: White = 76%, Black = 35%.} 1-0

[Event "XIX Sant Marti Open 2017"]
[Site "Barcelona"]
[Date "2017.07.19"]
[Round "7"]
[White "Burmakin, Vladimir"]
[Black "Rios, Cristhian Camilo"]
[Result "1/2-1/2"]
[WhiteElo "2505"]
[BlackElo "2477"]
[Annotator "TA"]
[PlyCount "41"]
[EventDate "2017.??.??"]
[EventType "swiss"]
[EventCountry "ESP"]
[SourceTitle "playchess.com"]
[Source "ChessBase"]
[SourceQuality "1"]

{[%evp 9,41,7,7,4,8,6,5,9,0,2,2,2,8,-2,0,0,0,3,17,0,0,0,0,-13,-15,-15,-15,-16,-12,-21,-14,-25,-28,-42]} 1. Nf3 Nf6 2. g3 b5 3. e3 a6 4. b3 g6 5. Bg2 Bb7 6. O-O {A05: Réti Opening: 1 Nf3 Nf6} Bg7 7. d4 O-O 8. Bb2 {The position is equal.} d6 9. c4 $146 ({NOTEXT:} 9. Nbd2 Nbd7 10. Qe2 c5 {½-½ (86) Caruana,F (2827)-Carlsen,M (2840) chess.com INT 2017}) 9... bxc4 10. bxc4 Nbd7 11. Nbd2 Rb8 {...Bxf3 is the strong threat.} 12. Qc2 e6 13. c5 dxc5 14. Ba3 Re8 $1 15. dxc5 {[#] aiming for c6.} Bc6 16. Nd4 Bxg2 17. Kxg2 {Strongly threatening Nc6.} Ne5 18. Rab1 Qd5+ 19. Kg1 Nc6 20. Nxc6 Qxc6 21. Bb2 {Precision: White = 68%, Black = 97%.} 1/2-1/2

[Event "XIX Sant Marti Open 2017"]
[Site "Barcelona"]
[Date "2017.07.19"]
[Round "7"]
[White "Himanshu, Sharma"]
[Black "Zubritskiy, Artyom"]
[Result "1-0"]
[WhiteElo "2498"]
[BlackElo "2442"]
[Annotator "TA"]
[PlyCount "69"]
[EventDate "2017.??.??"]
[EventType "swiss"]
[EventCountry "ESP"]
[SourceTitle "playchess.com"]
[Source "ChessBase"]
[SourceQuality "1"]

1. e4 {Program Activation Required} c5 2. Nc3 d6 3. Nge2 e5 4. Nd5 Ne7 5. Nec3 Nbc6 6. Bc4 Nxd5 7. Nxd5 Be6 {B23: Closed Sicilian: Lines without g3} (7... Rb8 8. a4 a6 9. d3 b5 10. Ba2 Be7 11. O-O O-O 12. f4 exf4 13. axb5 axb5 14. Bxf4 Bg5 15. Qh5 {½-½ (34) Fedorchuk,S (2635)-Sveshnikov,E (2504) Cesenatico 2011}) 8. O-O Be7 9. a3 O-O 10. d3 Rb8 11. b4 b5 12. Bb3 Bg5 $146 ({NOTEXT:} 12... a5 13. Nxe7+ Qxe7 14. Bd5 Rfc8 15. Bxc6 Rxc6 16. bxa5 {1-0 (33) Zhelnin,V (2489)-Mitrofanov,A (2278) Tula 2000}) 13. Be3 Bxe3 14. fxe3 a5 15. c3 Qg5 16. Qe1 Rfc8 17. Rf3 Kh8 18. Rg3 Qd8 19. Qd2 Qh4 20. Rb1 h6 21. Bc2 cxb4 22. cxb4 a4 23. Rf1 Rb7 24. Bd1 Ne7 25. Nf4 exf4 26. Rxf4 Qxg3 27. hxg3 Rbc7 28. d4 Ng6 29. Rf1 Rc3 30. Bh5 Rc2 31. Qd1 Ra2 32. d5 Bd7 33. Bxg6 fxg6 34. Rf7 Rcc2 35. Qd4 1-0

[Event "XIX Sant Marti Open 2017"]
[Site "Barcelona"]
[Date "2017.07.19"]
[Round "7"]
[White "Arvola, Benjamin"]
[Black "Cuartas, Jaime Alexander"]
[Result "0-1"]
[WhiteElo "2469"]
[BlackElo "2501"]
[Annotator "TA"]
[PlyCount "148"]
[EventDate "2017.??.??"]
[EventType "swiss"]
[EventCountry "ESP"]
[SourceTitle "playchess.com"]
[Source "ChessBase"]
[SourceQuality "1"]

{[%evp 9,148,64,72,69,75,75,75,77,66,62,72,68,57,56,62,42,57,52,53,55,69,51,110,108,99,88,95,105,88,60,63,70,57,60,58,0,10,-1,-16,0,31,10,57,39,43,44,79,53,50,31,47,44,39,47,45,26,84,77,66,74,83,84,81,56,71,49,66,65,71,10,20,0,62,59,62,62,62,62,62,62,63,58,57,41,57,60,62,40,40,6,67,8,53,0,0,0,0,0,0,-8,-8,-8,-8,-8,-8,-8,-8,-4801,-8,-8,-8,-8,-8,-8,-8,-8,-8,-8,-8,-8,-8,-8,-8,-8,-8,-8,-8,-8,-8,-29973,-29974,-29974,-29975,-29975,-29976,-29977,-29978,-29978,-29979,-29979,-29980]} 1. d4 d5 2. c4 e5 3. dxe5 d4 4. Nf3 Nc6 5. a3 Nge7 6. b4 {[%cal Bb2b4,Bb4b5][%mdl 32] D08: Albin Counter Gambit} Ng6 7. Bb2 a5 8. b5 {White is better.} Ncxe5 9. Qxd4 (9. Nxe5 Nxe5 10. Qxd4 Qxd4 11. Bxd4 Nxc4 12. e3 Be6 13. Be2 {0-1 (30) Wojtaszek,R (2749)-Morozevich,A (2676) Doha 2016}) 9... Qxd4 10. Bxd4 Nxc4 11. e3 $1 Nd6 12. h4 {[%cal Bh2h4,Bh4h5][%mdl 32]} h6 $146 ({NOTEXT:} 12... h5 13. Bb2 {½-½ (32) Ratkovic,M (2380)-Strbac,M (2332) Kragujevac 2015}) 13. Nbd2 Bd7 14. a4 Nf5 15. Bb2 f6 (15... Bb4 $14) 16. h5 $16 Nge7 {[%cal Bg6e7,Be7c8,Bc8b6][%mdl 32]} 17. Rc1 O-O-O 18. e4 Nd6 {[%cal Bf5d6,Bd6f7,Bf7g5][%mdl 32]} 19. Nd4 Kb8 20. f3 Nec8 21. N2b3 Nb6 22. Nc5 ({Reject} 22. Nxa5 $6 Nxa4 23. Ba3 Re8 $15) (22. Bc3 $1 $14) 22... Nf7 23. Nde6 Bxe6 $1 24. Nxe6 Rd7 25. Bc3 Ng5 26. Nxf8 Rxf8 27. Ra1 Ne6 28. Bxa5 Rd4 29. Bd2 Rfd8 30. Be3 Rxa4 31. Rxa4 Nxa4 32. Kf2 Rd1 (32... Nd4 $11 {keeps the balance.}) 33. Rh4 {e5! is the strong threat.} Nb2 34. Rg4 Rd7 35. Be2 Kc8 36. Rg6 Nf8 $1 {[%cal Rf8g6]} 37. Rg3 $1 Ne6 38. f4 Kd8 $1 39. Bc1 (39. Rg6 $16 Nf8 40. Rg4) 39... Na4 $11 40. Rd3 Rxd3 (40... Nec5 $1 $11 41. Rxd7+ Kxd7) 41. Bxd3 {[%mdl 4096] Endgame KBB-KNN} Nec5 42. Ke3 Nxd3 43. Kxd3 $14 {KB-KN} Nc5+ 44. Ke3 Nd7 45. Ba3 Ke8 46. Kd4 c6 47. bxc6 bxc6 48. Kc4 Kf7 49. g4 Ke6 (49... f5 $1 $11) 50. Kb4 (50. Bb4 $14) 50... Kf7 (50... Ne5 $5) 51. Ka5 (51. Bb2 $14) 51... f5 $11 52. gxf5 {aiming for Bb2.} Nf6 53. e5 Nxh5 54. e6+ Ke8 {Strongly threatening ...Ng3.} 55. Kb6 Ng3 {White must now prevent ...h5.} 56. Kxc6 h5 {And now ...h4 would win.} 57. Bc5 h4 58. Bg1 $2 {[%mdl 8192]} (58. Kd5 $11) 58... h3 $2 ({Black should try} 58... Ne2 $1 $19 {[%cal Re2g1]} 59. Bh2 Nd4+ 60. Kd5 Nf3) 59. Kd5 Nf1 {Threatens to win with ...Nd2.} 60. Ke5 h2 (60... Nd2 $5 61. f6 $8 gxf6+ 62. Kxf6 Nf3 $11) 61. Bxh2 $1 Nxh2 {KN-K3P} 62. f6 $1 $132 {[%cal Rf6g7][%mdl 2048] White is fighting back} Ng4+ 63. Kf5 {Intending f7+ and mate.} Nxf6 {KN-KPP} 64. Kg6 Kf8 65. Kg5 Kg8 (65... Ng8 $5 {[%cal Rg8e7]}) 66. Kg6 Ne8 67. Kf5 Kh7 68. Kg5 Nd6 69. Kh5 $2 {[%mdl 8192]} (69. f5 $11) 69... g6+ {Black mates.} 70. Kg5 Ne4+ $1 71. Kg4 {[#]} Kh6 $1 72. e7 {[#]} Nd6 $1 73. Kf3 Kg7 74. Kg4 Kf6 {Precision: White = 51%, Black = 60%.} 0-1

[Event "XIX Sant Marti Open 2017"]
[Site "Barcelona"]
[Date "2017.07.19"]
[Round "7"]
[White "Salinas Herrera, Pablo"]
[Black "Henriquez Villagra, Cristobal"]
[Result "1/2-1/2"]
[WhiteElo "2438"]
[BlackElo "2532"]
[Annotator "TA"]
[PlyCount "20"]
[EventDate "2017.??.??"]
[EventType "swiss"]
[EventCountry "ESP"]
[SourceTitle "playchess.com"]
[Source "ChessBase"]
[SourceQuality "1"]

{[%evp 13,20,0,19,12,19,2,17,12,24]} 1. Nf3 Nf6 2. g3 g6 3. Bg2 Bg7 4. O-O O-O 5. d4 d5 6. c3 c6 7. Bf4 Bf5 {The position is equal.} 8. Qb3 {D02: 1 d4 d5 2 Nf3 sidelines, including 2...Nf6 3 g3 and 2...Nf6 3 Bf4} Qb6 9. Nbd2 Nbd7 10. h3 h5 $146 ({NOTEXT:} 10... Ne4 11. Nxe4 Bxe4 12. Nd2 Bxg2 13. Kxg2 e5 14. dxe5 Bxe5 15. Qxb6 axb6 16. Bxe5 Nxe5 {½-½ (78) Hera,I (2530)-Ivanchuk,V (2786) Kallithea 2008}) 1/2-1/2

[Event "XIX Sant Marti Open 2017"]
[Site "Barcelona"]
[Date "2017.07.19"]
[Round "7"]
[White "Fernandez, Fernando"]
[Black "Grigoryan, Karen H"]
[Result "1/2-1/2"]
[WhiteElo "2424"]
[BlackElo "2555"]
[Annotator "TA"]
[PlyCount "32"]
[EventDate "2017.??.??"]
[EventType "swiss"]
[EventCountry "ESP"]
[SourceTitle "playchess.com"]
[Source "ChessBase"]
[SourceQuality "1"]

{[%evp 16,23,43,31,44,48,45,40,35,29]} 1. e4 e5 2. Nf3 Nc6 3. Bb5 a6 4. Ba4 Nf6 5. O-O Be7 6. d3 d6 7. c3 O-O 8. Re1 b5 9. Bc2 {White is slightly better.} Bb7 {C84: Closed Ruy Lopez: Unusual White 6th moves} 10. Nbd2 Re8 11. Nf1 Bf8 12. Bg5 {Predecessor:} h6 $146 13. Bh4 g6 14. Ne3 Bg7 15. a4 Qd7 16. b4 Nd8 {½-½ (61) Fressinet,L (2711)-Amin,B (2628) Saint-Quentin 2014} 1/2-1/2

[Event "XIX Sant Marti Open 2017"]
[Site "Barcelona"]
[Date "2017.07.19"]
[Round "7"]
[White "Oblitas, Carlomagno"]
[Black "Arizmendi Martinez, Julen Luis"]
[Result "1/2-1/2"]
[WhiteElo "2395"]
[BlackElo "2511"]
[Annotator "TA"]
[PlyCount "132"]
[EventDate "2017.??.??"]
[EventType "swiss"]
[EventCountry "ESP"]
[SourceTitle "playchess.com"]
[Source "ChessBase"]
[SourceQuality "1"]

{[%evp 14,132,0,-31,0,0,0,-11,20,0,28,30,33,22,37,23,49,49,45,60,72,28,47,27,58,67,61,61,68,67,237,235,206,215,208,-4,-6,0,-8,-37,-36,-362,-362,-341,112,114,120,133,118,118,270,266,254,265,250,259,251,249,222,240,228,156,156,156,251,172,173,165,172,170,158,163,211,200,191,207,196,175,205,191,234,166,164,139,167,137,130,139,136,79,80,66,66,58,58,51,62,42,43,36,38,0,60,42,41,8,80,0,0,0,0,0,0,0,0,0,0,0,0,0,0]} 1. Nf3 d5 2. d4 Nf6 3. Bf4 c5 4. e3 Nc6 5. Be2 cxd4 (5... Bg4 6. c3 Bxf3 7. Bxf3 e6 8. Qb3 Qd7 9. Nd2 cxd4 10. exd4 Be7 11. Be2 Rc8 12. a4 O-O 13. O-O {1-0 (55) Zhao,X (2504)-Lei,T (2504) China 2016}) 6. exd4 {D02: 1 d4 d5 2 Nf3 sidelines, including 2...Nf6 3 g3 and 2...Nf6 3 Bf4} Qb6 7. Nc3 Bg4 8. O-O {LiveBook: 3 Games} (8. Na4 $5 {[%cal Ra4b6]} Qd8 9. O-O $11) 8... e6 (8... Bxf3 $5 9. Bxf3 Qxd4 10. Qxd4 (10. Nxd5 $2 Nxd5 11. Qxd4 Nxd4 $19) 10... Nxd4 $11) 9. Na4 Qd8 10. Re1 $146 ({Predecessor:} 10. c3 Bxf3 11. Bxf3 Bd6 12. Bg3 O-O 13. Nc5 Bxg3 14. hxg3 b6 15. Nd3 Na5 16. Re1 Rc8 17. g4 Nd7 18. g3 Nc4 19. Kg2 {½-½ (19) Mikadze,M (2233)-Yildiz,B (2312) Mamaia 2016}) 10... Bxf3 11. Bxf3 Be7 12. c3 b6 13. c4 Rc8 14. Nc3 {Hoping for cxd5.} O-O 15. cxd5 Nxd5 16. Nxd5 exd5 17. Qa4 b5 18. Qd1 Bf6 19. Bg4 Ra8 20. Rc1 Qb6 21. Bd6 Bxd4 $2 (21... Rfd8 $1 $14 22. Bc5 Qc7) 22. Bxf8 $18 Bxf2+ 23. Kf1 Rxf8 {[#]} 24. Re2 $2 (24. Rxc6 $1 $18 {[%mdl 512]} Qxc6 25. Kxf2) 24... Bh4 $11 {And now ...Nd4 would win.} 25. Qxd5 Nd4 26. Re4 {[#]} Nf3 $1 {[%csl Gh4][%cal Rb6f2][%mdl 1536] Black has compensation.} 27. Ke2 $2 {[%mdl 8192]} (27. Rc5 $15 Nd2+ 28. Qxd2 Qxc5 29. Bd7) (27. gxf3 Qf2#) 27... Qf2+ $19 (27... Nxh2 28. Qc5 $14) 28. Kd1 Ng5 $2 ({And not} 28... Qxg2 29. Bxf3 Qxf3+ 30. Kc2 $11) (28... Nxh2 29. Rc8 $11) (28... Qg1+ $19 29. Kc2 Qxg2+ 30. Kd1 Bg5) 29. Re2 $16 Qg1+ 30. Kc2 Qxh2 31. Qe5 $36 {[%mdl 2048] White is really pushing.} Bg3 $2 (31... Qxe5 $16 {is a better defense.} 32. Rxe5 a6) 32. Qxg5 $18 Bf4 33. Rh1 ({Stronger than} 33. Qh5 Qxh5 34. Bxh5 Rc8+ 35. Kb3 Bxc1 $17) 33... Qxh1 34. Qxf4 g6 35. Qd2 Qh4 36. Bf3 Rd8 37. Qe1 Qa4+ 38. Kc1 Kg7 (38... Qxa2 $16 39. Re8+ Rxe8 40. Qxe8+ Kg7) 39. b3 Qd4 {Threatens to win with ...Qa1+.} 40. Kb1 h5 41. Re4 Qd3+ 42. Kb2 Rc8 {intending ...Rc2+.} 43. Qd1 Qc3+ 44. Kb1 Kf8 45. Re2 Qf6 46. Qd2 h4 47. Qh6+ Kg8 48. Qe3 Rc3 49. Qe5 Qxe5 50. Rxe5 $16 {[%mdl 4096] Endgame KRB-KR} h3 51. Kb2 (51. Bd5 $142) 51... b4 52. Re1 Kg7 53. Rh1 (53. a3 $5 {[%cal Ra3b4]} a5 54. axb4 axb4 55. Rf1 $16 (55. Rh1 hxg2 56. Bxg2 Re3 $16)) 53... hxg2 54. Bxg2 f5 55. Rd1 (55. Rc1 $5 {[%cal Rc1c3]} Re3 56. Rc7+ Kh6 57. Ba8 $16) 55... g5 56. Rd4 Re3 {Strongly threatening ...Re2+.} 57. Bb7 a5 (57... Re2+ $11 58. Kb1 g4) 58. Rd5 Kf6 59. Rxa5 g4 (59... Re2+ $1 $11 60. Kb1 g4) 60. Bc8 (60. Kc2 $16) 60... Rf3 $11 {aiming for ...g3.The position is equal.} 61. Bb7 Rf2+ 62. Kc1 g3 63. Ra4 g2 64. Bxg2 Rxg2 65. Rxb4 Rxa2 66. Kd1 Ke5 {Precision: White = 51%, Black = 43%.} 1/2-1/2

[Event "XIX Sant Marti Open 2017"]
[Site "Barcelona"]
[Date "2017.07.19"]
[Round "7"]
[White "Karim, Ismael"]
[Black "Asis Gargatagli, Hipolito"]
[Result "0-1"]
[WhiteElo "2361"]
[BlackElo "2505"]
[Annotator "TA"]
[PlyCount "90"]
[EventDate "2017.??.??"]
[EventType "swiss"]
[EventCountry "ESP"]
[SourceTitle "playchess.com"]
[Source "ChessBase"]
[SourceQuality "1"]

1. e4 {Program Activation Required} c5 2. Nf3 d6 3. d4 cxd4 4. Nxd4 Nf6 5. Nc3 a6 6. Be2 e5 7. Nb3 Be7 8. Be3 Be6 9. Nd5 Nbd7 10. Qd3 O-O {B92: Sicilian Najdorf: 6 Be2} 11. c4 (11. a4 Bxd5 12. exd5 Nc5 13. Nxc5 dxc5 14. c4 Qc7 15. Qc2 Rae8 16. g4 e4 17. O-O-O Bd6 18. g5 {1-0 (40) Eljanov,P (2739)-Nepomniachtchi,I (2742) Geneve 2017}) 11... b5 12. cxb5 axb5 13. O-O Bxd5 14. exd5 Nb6 15. Bxb6 Qxb6 16. Qxb5 Qa7 17. Qd3 Rfb8 18. Kh1 $146 ({NOTEXT:} 18. a4) 18... Rb4 19. g3 Rab8 20. Kg2 g6 21. Rfd1 Ne4 22. Qe3 Qd7 23. h4 f5 24. Rac1 f4 25. Qd3 Qa7 26. Rf1 Qxa2 27. Bf3 Nxg3 28. Ra1 Qxb3 29. Qxb3 Rxb3 30. fxg3 e4 31. Bxe4 Rxg3+ 32. Kh1 Rh3+ 33. Kg2 Re3 34. Bf3 Rxb2+ 35. Rf2 Rxf2+ 36. Kxf2 Bxh4+ 37. Kg2 Kg7 38. Ra7+ Be7 39. Ra4 g5 40. Kf2 Kf6 41. Ra8 Kf5 42. Rg8 Bf6 43. Rf8 Rxf3+ 44. Kxf3 g4+ 45. Ke2 h5 0-1

[Event "XIX Sant Marti Open 2017"]
[Site "Barcelona"]
[Date "2017.07.19"]
[Round "7"]
[White "Tissir, Mohamed"]
[Black "Oliva Castaneda, Kevel"]
[Result "0-1"]
[WhiteElo "2354"]
[BlackElo "2497"]
[Annotator "TA"]
[PlyCount "62"]
[EventDate "2017.??.??"]
[EventType "swiss"]
[EventCountry "ESP"]
[SourceTitle "playchess.com"]
[Source "ChessBase"]
[SourceQuality "1"]

1. e4 {Program Activation Required} c5 2. Nf3 d6 3. d4 cxd4 4. Nxd4 Nf6 5. Nc3 a6 6. Nb3 g6 {B90: Sicilian Najdorf: Unusual White 6th moves, 6 Be3 Ng4 and 6 Be3 e5} (6... e5 7. Bg5 Be7 8. Bxf6 Bxf6 9. Qd3 Be6 10. O-O-O Be7 11. Nd5 Bxd5 12. Qxd5 Qc7 13. Kb1 O-O 14. Na5 Nc6 15. Nc4 Rad8 {1-0 (50) Grischuk,A (2737)-Nepomniachtchi,I (2767) Doha 2016}) 7. Be2 Bg7 8. g4 Nc6 9. g5 Nd7 10. h4 b5 11. h5 Bb7 12. f4 $146 ({NOTEXT:} 12. hxg6 hxg6 13. Rxh8+ Bxh8 14. Be3 Bxc3+ 15. bxc3 {½-½ (21) Groszpeter,A (2444)-Horvath,Z (2415) Hungary 2017}) 12... Rc8 13. Nd5 e6 14. Ne3 Na5 15. Bf3 Nc4 16. c3 e5 17. h6 Bf8 18. fxe5 Ndxe5 19. Nd5 Bxd5 20. exd5 Be7 21. Rg1 O-O 22. Nd4 Qb6 23. Rg2 b4 24. Be4 bxc3 25. bxc3 Qa5 26. Ne2 f5 27. Bc2 f4 28. Bxf4 Rxf4 29. Nxf4 Qxc3+ 30. Ke2 Qe3+ 31. Kf1 Qxf4+ 0-1